000 00625nam a2200169 i 4500
001 62448
003 ES-MaACL
007 t|
008 031121s1985 sp ||||1| spa d
020 _a84-398-4496-7
100 1 _aFernández Domínguez, Arturo.
_949747
245 1 0 _aRestablecimiento provisional del sufragio censitario
_b: leyes electorales de 1877 y 1878 de diputados a las Cortes Españolas /
_cArturo Fernández Domínguez.
260 _aMálaga :
_bUniversidad de Málaga, Facultad de derecho,
_c1985.
300 _a72 p. ;
_c21 cm.
852 _aES-MaACL
_jL-8830
_bR.110427
852 _aES-MaACL
_jL-8964
_bR.110428
999 _c62448
_d62448